000
00304nam a22001217a 4500
008
260116b ||||| |||| 00| 0 eng d
041
_a
eng
080
_a
0002
100
_a
02
101
_a
med
245
_a
Toxicological Profile for Selenium
_c
Departament of Health & Human Services
942
_2
lcc
_c
BK
999
_c
60749
_d
60749